Score 0/123 Timer 15:00
0 Plays Today
Appearances Name % Correct
169Stephen Fry
99.1%
168Alan Davies
98.1%
23David Mitchell
94.4%
3Victoria Coren
91.3%
34Bill Bailey
90.7%
34Jo Brand
89.7%
32Phill Jupitus
89.7%
27Sean Lock
89.7%
12Jeremy Clarkson
89.7%
27Jimmy Carr
87.9%
15Sandi Toksvig
87%
15Rob Brydon
85%
12Sue Perkins
84.1%
1Katy Brand
83.2%
1Hugh Laurie
82.2%
4Lee Mack
81.3%
14Dara Ó Briain
79.4%
1Alexander Armstrong
77.6%
1Daniel Radcliffe
77.6%
1Robert Webb
77.6%
2Hugh Dennis
74.8%
2Prof Brian Cox
73.8%
15Clive Anderson
73.8%
6Jack Dee
72%
8Johnny Vegas
71.7%
3Arthur Smith
70.1%
3Linda Smith
70.1%
1Brian Blessed
70.1%
1Noel Fielding
70.1%
24Rich Hall
68.2%
4Vic Reeves
68.2%
1Terry Wogan
68.2%
1Al Murray
67.3%
1David Tennant
67.3%
1Rory Bremner
66.4%
1Ben Miller
66.4%
1Victoria Wood
65.4%
4Jack Whitehall
63%
1Adam Hills
63%
2Dave Gorman
62.6%
2Frank Skinner
60.9%
Appearances Name % Correct
1Eddie Izzard
60.7%
1Andy Parsons
60.7%
1Barry Humphries
59.8%
1Emma Thompson
58.9%
6Ronni Ancona
57.9%
2Rory McGrath
57.9%
2Richard Osman
57.9%
2Chris Addison
57%
1Tim Vine
57%
10John Sessions
56.1%
1Anneka Rice
56.1%
1Dom Joly
55.1%
5Sarah Millican
54.3%
1Suggs
54.3%
7Andy Hamilton
54.2%
2Gyles Brandreth
54.2%
1Nina Conti
54.2%
1John Lloyd
53.3%
1Graeme Garden
52.3%
1Clare Balding
50.5%
1Richard E Grant
50.5%
1Graham Linehan
50.5%
4Josh Widdicombe
50%
8Danny Baker
49.5%
1Barry Cryer
49.5%
2Charlie Higson
48.6%
1Brendan O'Carroll
48.6%
1Greg Proops
48.6%
1Carrie Fisher
47.8%
13Ross Noble
47.8%
2Graham Norton
47.7%
1Josie Lawrence
47.7%
1Jonathan Ross
46.7%
1Meera Syal
46.7%
1Tim Minchin
45.8%
1Johnny Vaughan
45.8%
3The Rev Richard Coles
45.7%
1Pam Ayres
44.9%
1Katherine Ryan
44.9%
1John Sergeant
44.9%
4Jeremy Hardy
43.9%
Appearances Name % Correct
4Liza Tarbuck
43.9%
1Jessica Stevenson
43.9%
2Howard Goodall
41.1%
1Mark Gatiss
40.2%
1Janet Street-Porter
40.2%
2Julian Clary
39.3%
1Jan Ravens
39.3%
7Jason Manford
39.1%
3Mark Steel
38.3%
2Julia Zemiro
38.3%
1Dr Ben Goldacre
38.3%
2Doon Mackichan
37.4%
1John Bishop
37.4%
1Roger McGough
37.4%
1Peter Serafinowicz
37.4%
1Ruby Wax
37.4%
2Susan Calman
36.4%
1Henning Wehn
36.4%
1Rhys Darby
35.5%
1Neil Mullarkey
35.5%
3Reginald D Hunter
34.8%
1Helen Atkinson-Wood
34.6%
1Trevor Noah
33.6%
1Jackie Clune
31.8%
1John Hodgman
31.8%
1Julia Morris
30.8%
2Aisling Bea
30.4%
2Marcus Brigstocke
29.9%
1Shappi Khorsandi
29.9%
3Sara Pascoe
28.3%
1Isy Suttie
28%
1David O'Doherty
27.1%
1Lucy Porter
26.1%
2Phil Kay
25.2%
2Fred MacAulay
25.2%
2Cal Wilson
21.7%
3Colin Lane
19.6%
1Tony Hawks
15.2%
1Claudia O'Doherty
13%
1Lloyd Langford
10.9%
1Kathy Lette
8.7%
Remove Ads.
Support Sporcle.
Get the best of Sporcle when you Go Orange. This ad-free experience offers more features, more stats, and more fun while also helping to support Sporcle. Thank you for becoming a member.

You're not logged in!

Compare scores with friends on all Sporcle quizzes.
OR
Log In

Show Comments

Extras

Created Sep 24, 2013ReportNominate
Tags:Show Quiz, appearance, Known

Top Quizzes Today


Score Distribution

Your Account Isn't Verified!

In order to create a playlist on Sporcle, you need to verify the email address you used during registration. Go to your Sporcle Settings to finish the process.

Report this User

Report this user for behavior that violates our Community Guidelines.

Details: